000 00622nam a2200229 a 4500
001 BRCA_4255
005 20190320204613.0
008 150610s1920----pe-#######---#000-0#spa-#
041 _aspa
044 _ape
050 4 _aPQ8519
_b.Z36 1920
100 1 _aZamacois, Eduardo
_910975
245 1 0 _aEl otro
_bNovela
_cEduardo Zamacois.
260 _aLima, Perú
_bUnión Baquijano
_c1920
300 _a204 p.
_c22 cm.
440 0 _aBiblioteca de la prensa
_v1
_910976
500 _aEstado físico: Encuadernación rota
500 _aAM68
650 1 4 _aNovela
_xColecciones
_zPerú
_910977
902 _aGFM
942 _2lcc
_cB
999 _c3966
_d3966